| 000 | 00795nam a2200241 a 4500 | ||
|---|---|---|---|
| 001 | 60299 | ||
| 003 | BD-RjUL | ||
| 005 | 20211209080825.0 | ||
| 008 | 161229r19571956nyua 000 0 eng | ||
| 035 | _a(BD-RjUL) 60423 | ||
| 040 |
_aDLC/ICU _cICU _dBD-RjUL _beng |
||
| 041 | _aeng | ||
| 082 | 0 | 0 |
_a530.44 _223 _bSPP 1957 |
| 100 | 1 |
_aSpitzer, Lyman, _d1914-1997. _9179453 |
|
| 245 | 1 | 0 |
_aPhysics of fully ionized gases / _cLyman Spitzer |
| 260 |
_aNew York : _bInterscience Publishers, _c1956 [Reprinted 1957] |
||
| 300 |
_a105 p. : _billus. ; _c21 cm. |
||
| 650 | 0 |
_aPlasma (Ionized gases) _9179455 |
|
| 830 |
_aInterscience tracts on physics and astronomy, _v3. _9179461 |
||
| 942 |
_2ddc _cBK |
||
| 999 |
_c60299 _d60299 |
||